Регионална библиотека "Любен Каравелов" - Русе

Труд и техника (Запис номер 130269)

MARC детайли
000 -Лидер
Контролно поле с фиксирана дължина nam a22 a 4500
003 - Код на организацията, давaща контролен номер
Контролно поле BLK
005 - Дата и час на последна редакция
Контролно поле 20230322164233.0
008 - Елементи от данни с фиксирана дължина
fixed length control field 180409b bul|||||r ||||||| ||bul||
010 ## - Наследен системен номер
LC control number KNG00136033000
020 ## - Международен стандартен номер на книга ISBN
Международен стандартен номер на книга ISBN 954-01-0084-4
040 ## - Източник на каталожния запис
Идентификатор на билиотеката - собственик на записа BLK
041 ## - Код за език
Код за езика на текст/звукозапис или на отделно заглавие Български
Код за езика КДБФ Български
080 ## - УДК
Текстов определител УДК Специално обучение като елемент на общообразователното обучение - Обучение по техника, домакинство, селско стопанство и др.
УДК код - определител по УДК 373.6
УДК определител (075.2)(084)
УДК - код + определител 373.6(075.2)(084)
100 1# - Редна дума - Автор
Автор Божков, Николай Л.
Авторска отговорност първи автор
R(LIN) 322134
139 ## - Редно поле
Редна дума Божков, Николай Л. и др.
Авторски знак Божк - Б 57
245 10 - Сведения за заглавието
Заглавие Труд и техника
Подзаглавни данни Албум за III кл. на СОУ
Редно поле (дума) Николай Л. Божков; съавт. Лиляна Михайлова Владова; съавт. Елена Б. Влъчкова; * Лиляна Михайлова Никова-Владова.
257 ## - Страна на издаване
Страна на създаване/издаване България
260 ## - Област на издателските данни
Място на издаване, разпространение и проч. София
Име на издателя, разпространителя и проч. Просвета
Година на издаване 1992
300 ## - Физическа характеристика
Страници 52 с.
Илюстрации и др. с ил., табл., 10 л. ил.
Размери/Мащаб 24 см
380 ## - Жанр
Жанр Обществени науки
500 ## - Общи забележки
Забележка Пълното име на втората авт. е Лиляна Михайлова Никова-Владова. - 164 070 тир.
650 #4 - Допълнително описание по предмет – тема
Основно описание – тема или топоним Трудово обучение - учебници за основни училища
9 (RLIN) 246771
650 #4 - Допълнително описание по предмет – тема
Основно описание – тема или топоним Албуми
9 (RLIN) 146731
653 ## - Ключова дума – ненормативна
Ключова дума трудово обучение
653 ## - Ключова дума – ненормативна
Ключова дума албуми
653 ## - Ключова дума – ненормативна
Ключова дума учебници за основни училища
653 ## - Ключова дума – ненормативна
Ключова дума ІІІ кл.
700 1# - Други автори (авторска отговорност)
Лично име Владова, Лиляна Михайлова
Автороска отговорност (Описва отношението между автора и произведението) съавт.
Друга информация Никова-Владова, Лиляна Михайлова
9 (RLIN) 364643
700 1# - Други автори (авторска отговорност)
Лично име Влъчкова, Елена Б.
Автороска отговорност (Описва отношението между автора и произведението) съавт.
9 (RLIN) 322135
700 1# - Други автори (авторска отговорност)
Лично име Никова-Владова, Лиляна Михайлова
Автороска отговорност (Описва отношението между автора и произведението) *
9 (RLIN) 368069
852 ## - Местоположение
Форматна сигнатура Цб 170971
Фондова буква Хранилище
856 4# - Електронен адрес и достъп
Електронен формат pdf - файл
Инструкция (цена за достъп) 0.00
Права за достъп disable
856 4# - Електронен адрес и достъп
Електронен формат pdf - файл
Инструкция (цена за достъп) 0.00
Права за достъп disable
999 ## - СИСТЕМНИ КОНТРОЛНИ НОМЕРА
Koha biblionumber 130269
Koha biblioitemnumber 130269
942 ## - АРТИКУЛИ
Вид на библиотечния материал Книги
Скрит в OPAC Не
Периодичен библиозапис Да
944 ## - СЪЗДАВАНЕ И РЕДАКЦИЯ на ЗАПИСА
Създаване/Редакция Създаване
Дата на регистрацията/редакция 09.11.2012
Статус, дата на статуса 09.11.2012 - от С1,Р / 09.11.2012
Служител, извършил регистрацията/редакцията Севдалина_Василева
944 ## - СЪЗДАВАНЕ И РЕДАКЦИЯ на ЗАПИСА
Създаване/Редакция Редакция
Дата на регистрацията/редакция 24.09.2015
Статус, дата на статуса 09.11.2012 - от С1,Р / 09.11.2012
Служител, извършил регистрацията/редакцията Симона_Петрова
999 ## - СИСТЕМНИ КОНТРОЛНИ НОМЕРА
Koha biblioitemnumber 130269
999 ## - СИСТЕМНИ КОНТРОЛНИ НОМЕРА
Koha biblioitemnumber 130269
Наличности
Код за отписване Код за изгубен артикул Източник на класификационната схема Код за повреда Коз за рестрикции Код за отдаване Артикулен № Име на библиотеката - собственик Име на библиотеката, в която се намира в момента Статус (Текущо местоположение) Дата на вписване в системата Местоположение - отдел Цена в лева Инвентарен номер Систематично азбучна сигнатура Баркод Номер на екземпляра Цена в евро Служебна бележка Служебен тип на артикула
  Не е изгубен Universal Decimal Classification Не е повреден без рестрикции ползва се в читалня 211774 Регионална библиотека "Любен Каравелов" Русе Регионална библиотека "Любен Каравелов" Русе Хранилище 1992-01-01 Хранилище 9.44 574871 Цб 170971 120000574871 1 4.83 Дост: Dp Вид: Д N: стар фонд Дата: 01.01.1992 Книги
Изтеглен Не е изгубен Universal Decimal Classification Не е повреден без рестрикции заемане за дома 211775 Регионална библиотека "Любен Каравелов" Русе Регионална библиотека "Любен Каравелов" Русе Детски отдел 1992-01-01 Детски отдел 0.36 601481 ДН 373.6/Б 57 601481 2 0.18 Дост: Pk Вид: Ф N: стар фонд Дата: 01.01.1992 Дата инв: 24.08.2015 Бележки инв: Д2015 Книги
Vip Innovations Ltd, Rousse, Bulgaria 2025